Normal view MARC view
  • Kohat District (Pakistan)

Entry Geographic Name

Number of records used in: 4

001 - CONTROL NUMBER

  • control field: 1311

003 - CONTROL NUMBER IDENTIFIER

  • control field: NUST

005 - DATE AND TIME OF LATEST TRANSACTION

  • control field: 20170523122210.0

008 - FIXED-LENGTH DATA ELEMENTS

  • fixed length control field: 170523|| aca||aabn | a|a d

040 ## - CATALOGING SOURCE

  • Original cataloging agency: NUST
  • Transcribing agency: NUST

151 ## - HEADING--GEOGRAPHIC NAME

  • Geographic name: Kohat District (Pakistan)

670 ## - SOURCE DATA FOUND

  • Source citation: Work cat.: (NUST)0: Gazetteer of the Kohat District, 1883-4., 1990.
© 2023 Central Library, National University of Sciences and Technology. All Rights Reserved.